| 000 | 00435nam a2200181Ia 4500 | ||
|---|---|---|---|
| 001 | 22365 | ||
| 005 | 20260414150826.0 | ||
| 008 | 260414t2007||||xx |||||||||||||| ||spa|| | ||
| 041 | _aESP | ||
| 082 |
_a621.38 _bC225B |
||
| 100 |
_aReid, Allan _eAUT |
||
| 245 | 0 |
_aWan technologies : _bCCNA 4 companion guida |
|
| 260 | _c2007 | ||
| 300 |
_a254 páginas : _c24 cm. |
||
| 650 | _aTCA | ||
| 654 | _aCET | ||
| 942 |
_cLIB _dJUS _fJUS _2ddc _n |
||
| 999 |
_c22365 _d22365 |
||